000 00272nam a2200097Ia 4500
001 1229239
005 20250827093057.0
008 250824s9999 xx 000 0 und d
245 0 _aJOHANNES GUTENBERG
_cLLUIS BORRAS-FRANCESCA CARABELLI
260 _bALTIN KİTAPLAR YAYINLARI
999 _c1229239
_d1229239